Hypotonic enteral electrolyte solutions administered by nasoesophageal tube in continuous flow in dogs dehydrated by water restriction: Part 1 (Registro n. 328285)
[ somente texto ]
| 000 -LÍDER | |
|---|---|
| fixed length control field | 04013nab a2200373 i 4500 |
| 003 - CÓDIGO MARC DA AGÊNCIA CATALOGADORA | |
| Campo de controle | BR-BrBNA |
| 005 - DATA E HORA DA ÚLTIMA ATUALIZAÇÃO | |
| Campo de controle | 20241025092523.0 |
| 008 - CAMPO DE TAMANHO FIXO | |
| fixed length control field | 241025b2019 bl.|r|pooa||| 00| 0 eng | |
| 040 ## - FONTE DA CATALOGAÇÃO | |
| Agência catalogadora | BR-BrBNA |
| Idioma da catalogação | eng |
| 072 ## - CATEGORIA AGRIS | |
| Código AGRIS | L70 |
| Código do objeto | 5400 |
| 072 ## - CATEGORIA AGRIS | |
| Código AGRIS | L50 |
| 100 ## - ENTRADA PRINCIPAL - NOME PESSOAL | |
| Nome pessoal | Dantas, W.M.F. |
| 100 ## - ENTRADA PRINCIPAL - NOME PESSOAL | |
| Nome pessoal | Ribeiro Filho, J.D. |
| 100 ## - ENTRADA PRINCIPAL - NOME PESSOAL | |
| Nome pessoal | Silva, G.M.M. |
| 100 ## - ENTRADA PRINCIPAL - NOME PESSOAL | |
| Nome pessoal | Ermita, P.A.N. |
| 100 ## - ENTRADA PRINCIPAL - NOME PESSOAL | |
| Nome pessoal | Monteiro, L.C. |
| 100 ## - ENTRADA PRINCIPAL - NOME PESSOAL | |
| Nome pessoal | Costa, C.M. |
| 100 ## - ENTRADA PRINCIPAL - NOME PESSOAL | |
| Nome pessoal | Alves, S.R. |
| 100 ## - ENTRADA PRINCIPAL - NOME PESSOAL | |
| Nome pessoal | Silva, M.O. |
| 100 ## - ENTRADA PRINCIPAL - NOME PESSOAL | |
| Nome pessoal | Favarato, E.S. |
| 245 ## - TÍTULO PRINCIPAL | |
| Título principal | Hypotonic enteral electrolyte solutions administered by nasoesophageal tube in continuous flow in dogs dehydrated by water restriction: Part 1 |
| 500 ## - NOTA GERAL | |
| Nota geral | Publicação online; 23 ref.; 2 tables; Summaries (En, Pt) |
| 942 ## - ADDED ENTRY ELEMENTS (KOHA) | |
| Koha item type | Analítica |
| 520 ## - NOTA DE RESUMO | |
| Nota de conteúdo | <br/><br/>ABSTRACT - The present study assessed and compared the effects of hypotonic enteral electrolyte solutions administered by nasoesophageal tube in continuous flow in dogs submitted to water restriction on packed cell volume; total serum protein and serum osmolarity concentrations; blood volume; plasma glucose and lactate levels; blood gas analysis, anion gap, and strong ion difference. Six adult dogs were used (four males and two females). All animals were submitted to both proposed treatments in a crossover design 6×2. The treatments were as follows: ESmalt consisting of 5g sodium chloride, 1g potassium chloride, 1g calcium acetate, 0.2g magnesium pidolate, and 9.6g maltodextrin that were diluted in 1.000mL water measured osmotic concentration of 215mOsm L−1) and ESdext consisting of 5g sodium chloride, 1g potassium chloride, 1g calcium acetate, 0.2g magnesium pidolate, and 9.6g dextrose that were diluted in 1.000mL water (measured osmotic concentration of 243mOsm L−1). All solutions were administered at 15ml kg−1 h 1 for 4 hours. Both solutions increased the plasma volume in dehydrated dogs without causing adverse effects. However, ESmalt was more effective in promoting the increase in blood volume.<br/><br/><br/>Keywords: canine, blood gas analysis, blood volume, enteral fluid therapy |
| 520 ## - NOTA DE RESUMO | |
| Nota de conteúdo | <br/><br/>RESUMO - O presente estudo avaliou e comparou os efeitos de soluções eletrolíticas enterais hipotônicas, administradas por sonda nasoesofágica em fluxo contínuo em cães submetidos a restrição hídrica, sobre o hematócrito, proteínas totais séricas, osmolaridade sérica, volemia, glicose e lactato plasmáticos, hemogasometria, ânion gap e DIF. Foram utilizados seis cães adultos (quatro machos e duas fêmeas). Todos os animais foram submetidos aos dois tratamentos propostos, em um delineamento crossover 6×2. Os tratamentos foram os seguintes: SEmalt – 5g de cloreto de sódio, 1g de cloreto de potássio, 1g de acetato de cálcio, 0,2g de pidolato de magnésio e 9,6g de maltodextrina, diluídos em 1.000mL de água (osmolaridade mensurada: 215mOsm L-1 ); SEdext – 5g de cloreto de sódio, 1g de cloreto de potássio, 1g de acetato de cálcio, 0,2g de pidolato de magnésio e 9,6g de dextrose, diluídos em 1.000mL de água (osmolaridade mensurada: 243mOsm L-1). Todas as soluções foram administradas no volume de 15mL kg-1 hora-1 , durante quatro horas, em fluxo contínuo. Ambas as soluções aumentaram o volume plasmático em cães desidratados, sem gerar o aparecimento de efeitos adversos. Porém, a SEmalt foi<br/>mais eficaz em promover a expansão da volemia.<br/><br/><br/>Palavras-chave: canino, hemogasometria, hipovolemia, hidratação enteral |
| 650 ## - ASSUNTO - THESAGRO | |
| Cabeçalho tópico ou nome geográfico | CÃO |
| 650 ## - ASSUNTO - THESAGRO | |
| Cabeçalho tópico ou nome geográfico | DESIDRATAÇÃO |
| 650 ## - ASSUNTO - THESAGRO | |
| Cabeçalho tópico ou nome geográfico | DISTÚRBIO ANIMAL |
| 650 ## - ASSUNTO - THESAGRO | |
| Cabeçalho tópico ou nome geográfico | BIOQUÍMICA ANIMAL |
| 650 ## - ASSUNTO - THESAGRO | |
| Cabeçalho tópico ou nome geográfico | VETERINÁRIA |
| 773 0# - ENTRADA ANALÍTICA | |
| Host Biblionumber | 1643 |
| Registro do item | 345608 |
| Imprenta | Belo Horizonte-MG Universidade Federal de Minas Gerais - Escola de Veterinaria 1983 |
| Outro identificador | 2024-6240 |
| Título | Arquivo Brasileiro de Medicina Veterinária e Zootecnia (Brazil) |
| ISSN | 0102-0935 |
| Colação | v. 71(2) p. 404-410. (2019) |
| Número de controle de registro | BR2024002966 |
| 856 ## - ACESSO E ENDEREÇO ELETRÔNICO | |
| Identificador uniforme de recurso - URI | https://www.scielo.br/j/abmvz/a/bpMr93ZFhFz4jBcK3YMNftD/?format=pdf&lang=en |
Nenhum exemplar disponível.

BINAGRI